Prueba de Sealand - Estadísticas

Estadísticas generales
  • Esta prueba ha sido intentada 6 veces
  • La puntuación promedio es 15 de 20
Estadísticas de respuestas
Pregunta Respuesta % Correcto
Idioma oficial Inglés
100%
Mar en el que está ubicado Mar del Norte
100%
Es un territorio de pequeña extensión que se autoproclama como país sin reconocimiento, también conocido como... {Micro}nación
100%
País que construyó tal plataforma Reino Unido
100%
Año en el que declaró su independencia 1967
83%
Colores presentes en la bandera de Sealand Blanco
83%
Moneda oficial Dolar de Sealand
83%
Colores presentes en la bandera de Sealand Negro
83%
Colores presentes en la bandera de Sealand Rojo
83%
Gentilicio de Sealand Sealandés
83%
Significado del nombre de Sealand Tierra del {mar}
83%
Distancia aproximada entre la plataforma y la costa británica {12} km
67%
Países europeos de los que provenían los mercenarios que planificaron un golpe de Estado en 1978 Alemania
67%
Nombre completo de Sealand {Principado} de Sealand
67%
El fundador de Sealand inicialmente quería crear en la plataforma esto Estación de {radio} pirata
50%
Países europeos de los que provenían los mercenarios que planificaron un golpe de estado de 1978 Países Bajos
50%
Título que usa el jefe de estado Príncipe
50%
Conflicto bélico durante el cual se construyó la plataforma donde Sealand se ubica Segunda Guerra Mundial
50%
Modo de conseguir pasaporte y títulos nobiliarios de Sealand Compra online
33%
Fundador de Sealand Paddy Roy {Bates}
33%
No se encontraron pruebas coincidentes
Distribución de puntuación
Porcentaje de gente con cada puntuación
Porcentaje por número respondido
Historial de tus puntuaciones
No has intentado esta prueba.